| 000 | 00492nam a2200181Ia 4500 | ||
|---|---|---|---|
| 003 | GCL | ||
| 008 | 140319s9999 xx 000 0 eng d | ||
| 040 |
_aGCL / _cGCL |
||
| 082 | 0 | 4 |
_a006.33 _bA K |
| 100 | 1 | _aAUSSENAC, N. | |
| 245 | 1 | 0 |
_aKNOWLEDGE ACQUISITION FOR KNOWLEDGE- BASED SYSTEMS / _cAUSSENAC, N. |
| 260 |
_a[S.N] : _bSPRINGER - VERLAG ، _c1993 |
||
| 300 | _a446 P | ||
| 650 | 0 | 4 | _aSYSTEM ENGINEERING |
| 650 | 0 | 4 | _aINFORMATION SCIENCE |
| 650 | 0 | 4 | _aACQUISITION |
| 942 |
_2ddc _cBK |
||
| 999 |
_c17182 _d17182 |
||